| 000 | 00941nam a22003017a 4500 | ||
|---|---|---|---|
| 001 | 7369 | ||
| 003 | FISKH | ||
| 005 | 20250820113150.0 | ||
| 008 | 250711b cb ||||| |||| 00| 0 eng d | ||
| 020 | _a033500713002 | ||
| 040 |
_aFISKH _beng _cFISKH _dFISKH |
||
| 050 | _aPZ7.B8163 H | ||
| 082 | _a813.52 | ||
| 100 | _aBrown, Margaret Wise | ||
| 245 |
_aHome for a Bunny / _cby Margaret Wise Brown ; Pictures by Garth Williams |
||
| 250 | _aThis edition published in 1961 | ||
| 260 |
_aNew York : _bA Golden Book, _c1956 |
||
| 300 |
_a24 unnumbered pages : _bcolor illustrations ; _c21 cm |
||
| 505 | _aG | ||
| 520 | _aA bunny searches the spring-time forest for a home of his own. | ||
| 521 | 8 |
_a380
_bLexile estimate |
|
| 521 | 8 |
_aG
_bRaz-Plus |
|
| 650 |
_aAnimal homes _vBunnies _xHabitats |
||
| 650 |
_aPicture book _vFiction |
||
| 700 |
_aWilliams, Garth _eillustrator |
||
| 942 |
_2ddc _cBK _n0 |
||
| 999 |
_c7369 _d7369 |
||